| 000 | 00399nam a2200157Ia 4500 | ||
|---|---|---|---|
| 008 | 151213s9999 xx 000 0 und d | ||
| 100 | _aEditional Colles Board | ||
| 245 |
_aKeats Poetry Notes _cEditional Colles Board |
||
| 250 | _a3rd | ||
| 260 |
_aNew Delhi _bColes _c1999 |
||
| 300 | _a3644 p. | ||
| 650 | _aEnglish | ||
| 650 | _aEnglish | ||
| 700 | _aEditional Colles Board | ||
| 999 |
_c2431 _d2431 |
||